[Event "ESP-ch States U16"]
[Site "Isla"]
[Date "2022.06.25"]
[Round "4"]
[White "Menendez Osorio, Carmen"]
[Black "Portela Medrano, Carmen"]
[Result "1-0"]
[WhiteElo "1493"]
[BlackElo "1184"]
[PlyCount "99"]
[EventDate "2022.06.23"]
[EventType "swiss"]
[EventRounds "6"]
[EventCountry "ESP"]
[SourceTitle "EXT 2023"]
[Source "ChessBase"]
[SourceDate "2022.10.05"]
[SourceVersion "1"]
[SourceVersionDate "2022.10.05"]
[SourceQuality "1"]

1. Nf3 Nf6 2. c4 e6 3. g3 b6 4. Bg2 Bb7 5. 0-0 Be7 6. d4 0-0 7. Nbd2 d5 8. b3 Nbd7 9. Bb2 c5 10. cxd5 Bxd5 11. Re1 cxd4 12. Nxd4 Bxg2 13. Kxg2 Nc5 14. Kg1 Qd5 15. N2f3 Rfd8 16. b4 Nce4 17. Qa4 Rd7 18. Nc6 b5 19. Nxe7+ Rxe7 20. Qc2 Qc4 21. Qxc4 bxc4 22. Ne5 c3 23. Ba3 Rb7 24. f3 Nd6 25. Rad1 Nb5 26. Bc1 Nd5 27. a4 Nbc7 28. b5 f6 29. Nc6 a6 30. e4 Nb6 31. a5 Nc4 32. b6 Nb5 33. Re2 Rc8 34. Nb4 Nxa5 35. Ra2 Nb3 36. Rxa6 Nxc1 37. Rxc1 Nd4 38. Kf2 c2 39. Nxc2 Rxc2+ 40. Rxc2 Nxc2 41. Ra8+ Kf7 42. Ra7 Re7 43. Rxe7+ Kxe7 44. b7 Kf7 45. b8Q Kg6 46. Qe8+ Kh6 47. g4 g6 48. h4 Kg7 49. Qe7+ Kh6 50. Qf8# 1-0

[Event "ESP-chT Regional U16"]
[Site "Gijon"]
[Date "2021.06.19"]
[Round "4.3"]
[White "Menendez Osorio, Carmen"]
[Black "Gomez Larrinaga, Maria"]
[Result "1/2-1/2"]
[WhiteElo "1373"]
[BlackElo "1386"]
[PlyCount "69"]
[EventDate "2021.06.17"]
[EventType "team-swiss"]
[EventRounds "6"]
[EventCountry "ESP"]
[SourceTitle "EXT 2022"]
[Source "ChessBase"]
[SourceDate "2021.10.06"]
[SourceVersion "1"]
[SourceVersionDate "2021.10.06"]
[SourceQuality "1"]
[WhiteTeam "Castilla y Leon U16"]
[BlackTeam "Cantabria U16"]
[WhiteTeamCountry "ESP"]
[BlackTeamCountry "ESP"]

1. d4 Nf6 2. c4 e5 3. dxe5 Ng4 4. Nf3 Bc5 5. e3 Nc6 6. b3 0-0 7. Bb2 Re8 8. Be2 Ngxe5 9. 0-0 a5 10. Nbd2 Ra6 11. Nxe5 Nxe5 12. Qc2 Rh6 13. Nf3 Nxf3+ 14. Bxf3 Qh4 15. h3 d6 16. Rfd1 Ree6 17. Bg4 Re8 18. Bxc8 Rxc8 19. Qf5 Rd8 20. a3 Bb6 21. Bc3 Rh5 22. Qf3 c6 23. Rd4 Qg5 24. Rad1 Rh6 25. b4 Rf6 26. Qg4 Qxg4 27. Rxg4 axb4 28. axb4 h6 29. Rgd4 Kf8 30. c5 d5 31. e4 Rf4 32. g3 Rf3 33. exd5 Rxd5 34. Rxd5 cxd5 35. Rxd5 1/2-1/2